[Event "Grand Prix Jerusalem 2019"]
[Site "Jerusalem"]
[Date "2019.12.16"]
[Round "2.5"]
[White "Karjakin, Sergey"]
[Black "Wei, Yi"]
[Result "0-1"]
[WhiteElo "2754"]
[BlackElo "2725"]
[Annotator "TA"]
[PlyCount "116"]
[EventDate "2019.12.11"]
[EventType "k.o."]
[EventCountry "ISR"]
[SourceTitle "playchess.com"]
[Source "ChessBase"]
[SourceQuality "1"]

{[%evp 9,116,0,0,0,0,0,27,5,25,18,47,37,48,32,64,59,79,75,85,85,93,79,93,89,87,94,90,66,83,87,73,64,65,60,50,56,57,51,46,58,150,39,52,35,48,25,22,14,14,13,13,10,12,11,11,0,28,0,12,13,102,7,8,0,0,0,0,0,0,0,2,0,0,-71,-50,-141,-139,-181,-181,-262,-261,-358,-343,-454,-433,-855,-841,-793,-798,-5065,-4983,-5493,-4990,-1589,-1557,-1558,-1558,-2166,-1558,-1547,-1547,-1478,-1478,-1438,-1429,-1051,-958,-937,-856]} 1. e4 c6 2. d4 d5 3. e5 c5 4. Nf3 cxd4 5. Qxd4 e6 (5... Nc6 6. Qf4 e6 7. Bd3 Nb4 8. Nc3 Bd7 9. h4 h5 10. Qg3 Ne7 11. Nd4 Qb6 12. a3 Nxd3+ 13. Qxd3 {0-1 (35) Vachier Lagrave,M (2775)-Nepomniachtchi,I (2775) Paris 2019}) 6. Nc3 {B12: Caro-Kann: Advance Variation} Nc6 7. Qf4 h6 8. h4 $146 {White has an edge.} ({Predecessor:} 8. Be3 Bd7 9. a3 g5 10. Qg4 Bg7 11. h4 Nxe5 12. Nxe5 Bxe5 13. hxg5 hxg5 14. Rxh8 Bxh8 15. Bxg5 {½-½ (15) Beuchler,H (2070)-Eiber,M (2145) Germany 1997}) 8... g6 9. Bd3 a6 10. O-O Nge7 11. Ne2 $36 {[%mdl 2048] White is pushing.} Nf5 12. c3 Be7 {[%cal Rf5h4]} 13. Bxf5 gxf5 14. Qg3 Kf8 15. Be3 Bd7 16. Rfd1 Rc8 17. b3 b5 18. Rd2 Qc7 19. Rad1 Be8 20. Nf4 Rg8 $1 {[%cal Rg8g3]} 21. Nxd5 Rxg3 22. Nxc7 Rxf3 $1 23. Bxh6+ (23. gxf3 Rxc7 24. Bxh6+ Kg8 $11) 23... Kg8 24. Nxe8 Nxe5 (24... Rxc3 $14 25. Nf6+ Bxf6 26. exf6 Kh7) 25. Nd6 ({Don't play} 25. gxf3 Nxf3+ 26. Kg2 Nxd2 $11) (25. Bg7 $16 Rxf2 26. Kxf2 (26. Rxf2 Ng4 $16) 26... Ng4+ 27. Kg3) 25... Bxd6 $1 $14 26. Rxd6 Rfxc3 27. Rxa6 Rc2 28. Bf4 Ng4 $1 29. f3 Nf6 30. Rd2 Nd5 31. Rxc2 Rxc2 $11 {[%mdl 4096] Endgame KRB-KRN} 32. g3 b4 33. h5 Kg7 34. Bg5 Nc3 (34... Nf6 $11) 35. Ra8 (35. h6+ $16 Kh7 36. Ra7) 35... Ne2+ 36. Kf2 e5 37. h6+ Kh7 38. Rf8 Nd4+ 39. Kf1 Rc7 {Hoping for ...Ne6.} 40. Bf6 Nxf3 41. Kf2 {[#]} (41. Ke2 $11 {remains equal.} Rc3 42. Rh8+ Kg6 43. h7) 41... Nh2 $1 $17 {[%cal Rh2g4] White must now prevent ...Ng4+.} 42. Rh8+ (42. Bg5 $15) 42... Kg6 43. Rg8+ Kxh6 {aiming for ...Ng4+.} ({Not} 43... Kxf6 $2 44. Ke2 $16) 44. Ke2 (44. Bxe5 {might work better.} Ng4+ 45. Rxg4 Rc2+ {[%mdl 64] Double Attack} 46. Kf3 fxg4+ 47. Kxg4) 44... Ng4 $19 45. Bh4 Rc2+ 46. Kd3 Rxa2 {Black is clearly winning.} 47. Kc4 (47. Bg5+ $142 Kh7 48. Rf8) 47... f6 48. Kxb4 e4 49. Kc3 e3 50. b4 e2 51. Re8 Ne5 52. g4 fxg4 53. b5 g3 54. Bxg3 Ra3+ 55. Kd2 Rxg3 56. Kxe2 Rb3 57. Rb8 Kg5 58. b6 {[#]} Nd7 $1 {Accuracy: White = 40%, Black = 57%.} 0-1

[Event "Grand Prix Jerusalem 2019"]
[Site "Jerusalem"]
[Date "2019.12.16"]
[Round "2.6"]
[White "Wei, Yi"]
[Black "Karjakin, Sergey"]
[Result "1/2-1/2"]
[WhiteElo "2725"]
[BlackElo "2754"]
[Annotator "TA"]
[PlyCount "83"]
[EventDate "2019.12.11"]
[EventType "k.o."]
[EventCountry "ISR"]
[SourceTitle "playchess.com"]
[Source "ChessBase"]
[SourceQuality "1"]

{[%evp 16,83,18,10,31,31,45,41,48,53,45,36,37,31,27,31,36,32,37,19,50,44,48,46,47,59,177,71,104,74,77,0,61,12,14,0,74,65,69,37,27,16,35,34,28,16,17,0,23,16,41,40,38,45,25,42,19,25,99,77,118,0,0,0,0,0,0,0,0,0]} 1. e4 c5 2. Nf3 d6 3. d4 cxd4 4. Nxd4 Nf6 5. Nc3 a6 6. g3 e5 7. Nde2 Be7 8. Bg2 Nbd7 9. a4 h5 {B91: Sicilian Najdorf: 6 g3} (9... b6 10. Nd5 Nxd5 11. Qxd5 Rb8 12. Nc3 O-O 13. O-O Bb7 14. Qd1 Rc8 15. Re1 h6 16. Bh3 Rc6 17. Bxh6 gxh6 18. Qg4+ Bg5 19. Qxd7 Qxd7 20. Bxd7 Rc7 21. Bf5 {1-0 (33) Giri,A (2773)-Nepomniachtchi,I (2767) Wijk aan Zee 2017}) 10. Bg5 Nf8 11. Bxf6 $146 ({Predecessor:} 11. Qd2 N8h7 12. Be3 Ng4 13. Nd5 Nxe3 14. Nxe3 Be6 15. h4 Nf6 16. Nc3 {½-½ (46) Schnegg,A (2114)-L'Ami,A (2286) Heraklio 2017}) 11... Bxf6 {White is slightly better.} 12. Nd5 h4 13. Nec3 Bg5 14. a5 Be6 15. Nb6 Rb8 16. Ncd5 $36 {[%mdl 2048] White is pushing.} Nd7 17. Ra3 O-O 18. O-O Nxb6 19. Nxb6 hxg3 20. hxg3 g6 ({Black should play} 20... Be7 $14) 21. Rd3 (21. f4 $1 $18) 21... Qc7 22. Rc3 Qe7 23. Rd3 (23. f4 $16 exf4 24. gxf4) 23... Bh6 ({Better is} 23... Qc7 $1 $11) 24. Nd5 Qd8 25. Nb6 Qc7 (25... Qe7 $11) 26. Rc3 Qe7 27. Nd5 Qd8 28. Nc7 Qe7 29. Nxe6 Qxe6 30. Qd3 Rfc8 31. Rd1 Bf8 32. Bf1 Qa2 33. b4 d5 34. exd5 {And now d6 would win.} Bxb4 35. Rxc8+ Rxc8 36. d6 {Black must now prevent Qe4.} Qxa5 {[#]} (36... Bxa5 $11 {remains equal.} 37. d7 Rd8) 37. Qe4 $1 $16 {Bc4! is the strong threat.} Rd8 {[#]} 38. Qxb7 (38. Bc4 $1 $16 {[%mdl 512] Qxg6+ would kill now.} Kg7 39. Qxb7 {[%mdl 64] Double Attack}) 38... Bxd6 $11 {The position is equal.} 39. Bc4 Qc7 $1 {[%cal Rc7b7]} 40. Qxc7 Bxc7 41. Rxd8+ Bxd8 42. Bxa6 {Accuracy: White = 55%, Black = 45%.} 1/2-1/2

[Event "Grand Prix Jerusalem 2019"]
[Site "Jerusalem"]
[Date "2019.12.17"]
[Round "3.1"]
[White "Nepomniachtchi, Ian"]
[Black "Vachier-Lagrave, Maxime"]
[Result "1-0"]
[WhiteElo "2767"]
[BlackElo "2780"]
[Annotator "TA"]
[PlyCount "71"]
[EventDate "2019.12.11"]
[EventType "k.o."]
[EventCountry "ISR"]
[SourceTitle "playchess.com"]
[Source "ChessBase"]
[SourceQuality "1"]

{[%evp 13,71,28,29,0,7,12,41,33,31,31,30,31,41,27,25,25,114,111,106,105,146,43,47,48,28,38,118,129,128,121,216,212,204,202,280,284,280,258,831,811,772,355,324,299,668,676,654,644,1514,1361,29983,29984,29984,29985,29985,29986,29986,29987,29987,29988]} 1. d4 Nf6 2. c4 g6 3. Nc3 d5 4. Nf3 Bg7 5. Qb3 dxc4 6. Qxc4 O-O 7. e4 Nc6 8. Be3 {D97: Grünfeld: Russian System: 7 e4, replies other than 7...Bg4} (8. Be2 e5 9. d5 Nd4 10. Nxd4 exd4 11. Qxd4 c6 12. Qc4 b5 13. Qxc6 Bd7 14. Qd6 Re8 15. e5 Ng4 16. e6 fxe6 {½-½ (36) Yu,Y (2763)-Vachier Lagrave,M (2774) Khanty-Mansiysk 2019}) 8... Ng4 9. e5 Nxe3 10. fxe3 {White is slightly better.} Bg4 11. h3 $146 ({Predecessor:} 11. Be2 e6 12. O-O-O Ne7 13. h3 Bxf3 14. Bxf3 c6 15. Ne4 Nd5 {½-½ (23) Sladek,V (2173)-Cohen,D (2085) ICCF email 2006}) 11... Bxf3 12. gxf3 e6 {With the idea ...Qh4+.} 13. h4 Ne7 14. f4 b5 (14... Nf5 $11 {remains equal.}) 15. Qc5 $16 Nf5 16. Kf2 f6 {and if ...fxe5 works, Black does fine.} 17. Rd1 (17. Nxb5 a6 $11) (17. Bxb5 Rb8 $14) (17. Ne4 $16) 17... b4 $1 $14 {[%cal Rb4c3]} 18. Qxb4 {Qc5 is the strong threat.} Rb8 19. Qa3 $36 {[%mdl 2048] White has the initiative.} fxe5 (19... c5 $14 20. dxc5 Qe8) 20. dxe5 $16 Qe8 21. Bg2 Bxe5 (21... a5 $16 {was worth a try.}) 22. fxe5 $18 Nxh4+ {[#]} 23. Kg1 $1 ({Much less strong is} 23. Kg3 $6 Nxg2 24. Qc5 (24. Kxg2 Qc6+ 25. e4 Qb6 $14) 24... h5) 23... Nxg2 24. Ne4 (24. Kxg2 Qc6+ 25. e4 Qb6 $11) 24... Rd8 25. Rc1 ({Not} 25. Kxg2 Qc6 $15) 25... Qb5 $2 {[#]} (25... g5) 26. Qe7 $1 {[%csl Gh1][%cal Re7h7][%mdl 576] Double Attack} Rd7 27. Nf6+ (27. Qxe6+ $142 Kh8 28. Nf6 (28. Kxg2 {is a self mate.} Qe2+ {[%mdl 64] Double Attack} 29. Kh3 Qxe3+ {[%mdl 64] Double Attack} 30. Ng3 Qh6+ 31. Nh5 Qxh5+ 32. Kg3 Qf3+ 33. Kh4 Rd4+ 34. Kg5 Qf4#) 28... Nxe3 29. Qxd7 Qxd7 30. Nxd7) 27... Rxf6 28. Qxf6 {Threatens to win with Rxc7!} Rf7 $2 {[#]} (28... Nxe3 29. Qxe6+ Kf8) 29. Qd8+ $1 {[%mdl 64] Double Attack} Rf8 30. Qxc7 {[%csl Gh1][%cal Rc7h7]} Rf7 31. Qd8+ Rf8 {[#]} 32. Qe7 $1 {[%csl Gh1][%cal Re7h7][%mdl 64] Double Attack. White mates.} h5 33. Qxe6+ {[%mdl 64] Double Attack} Kg7 34. Rc7+ {[%mdl 64] Double Attack} Kh6 35. Rxh5+ {[%mdl 64] Decoy} Kxh5 36. Qh3+ {[%mdl 64] Double Attack. Accuracy: White = 71%, Black = 30%.} 1-0

[Event "Grand Prix Jerusalem 2019"]
[Site "Jerusalem"]
[Date "2019.12.17"]
[Round "3.1"]
[White "Wei, Yi"]
[Black "Navara, David"]
[Result "1/2-1/2"]
[WhiteElo "2725"]
[BlackElo "2707"]
[Annotator "TA"]
[PlyCount "104"]
[EventDate "2019.12.11"]
[EventType "k.o."]
[EventCountry "ISR"]
[SourceTitle "playchess.com"]
[Source "ChessBase"]
[SourceQuality "1"]

{[%evp 12,104,7,0,0,0,0,0,0,-6,7,-2,-6,-46,0,0,0,11,0,0,10,-8,0,0,2,0,0,0,0,0,9,4,6,0,12,0,0,0,0,0,0,-4,0,0,0,0,0,-6,-6,-6,-6,-7,-5,-5,-6,-12,0,0,0,-3,0,0,0,0,0,0,0,0,0,0,0,0,0,0,0,0,0,0,0,0,0,0,0,0,0,0,0,-3,-3,-3,-3,-3,-3,-8,-8]} 1. Nf3 d5 2. e3 Nf6 3. c4 c6 4. Nc3 e6 5. b3 Bd6 6. Bb2 O-O 7. Be2 e5 {A11: English Opening: 1...c6} 8. cxd5 cxd5 9. Nb5 e4 10. Ne5 Ne8 11. Rc1 $146 ({Predecessor:} 11. f4 f6 12. Ng4 Bxg4 13. Bxg4 f5 14. Be2 Nc6 15. O-O {½-½ (50) Short,N (2680)-Howell,D (2644) England 2014}) 11... f6 12. Qc2 (12. Ng4 {feels hotter.} Nc6 13. Nxd6 Nxd6 14. h3 Be6 15. O-O) 12... Bxe5 (12... Na6 $15 13. Nc6 bxc6 14. Qxc6 Rb8 15. Qxd5+ Kh8) 13. Bxe5 $11 {The position is equal.} fxe5 14. Qxc8 Nc6 $1 15. Qxd8 ({Don't go for} 15. Qxb7 $2 Na5 $19) 15... Rxd8 16. f3 Nf6 17. fxe4 Nxe4 18. Rf1 Rxf1+ 19. Bxf1 Kf7 20. Nc3 {Black should prevent Nxe4.} Nxc3 21. Rxc3 {[%mdl 4096] Endgame KRB-KRN} Ke6 22. Ba6 d4 23. exd4 exd4 24. Bc4+ Kd6 25. Rh3 h6 26. Rg3 Re8+ 27. Kd1 Re7 28. Rf3 Ne5 29. Rf8 Nxc4 30. bxc4 {KR-KR} d3 31. Rd8+ Kc5 32. Rxd3 Kxc4 33. Kc2 Re2 34. Rg3 g5 35. Rg4+ Kd5 36. Kd3 Re1 37. h4 gxh4 38. Rxh4 Re6 39. Rh5+ Kd6 40. Kc4 Rg6 41. d4 a6 42. a4 b6 43. Kd3 Rxg2 44. Rxh6+ Kd5 45. Rxb6 Rg3+ 46. Kc2 a5 47. Rb5+ Kxd4 48. Rxa5 Kc4 49. Rb5 Ra3 50. Rh5 Rxa4 51. Rh4+ Kb5 52. Rxa4 Kxa4 {Accuracy: White = 77%, Black = 82%.} 1/2-1/2

[Event "Grand Prix Jerusalem 2019"]
[Site "Jerusalem"]
[Date "2019.12.18"]
[Round "3.2"]
[White "Vachier-Lagrave, Maxime"]
[Black "Nepomniachtchi, Ian"]
[Result "1/2-1/2"]
[WhiteElo "2780"]
[BlackElo "2767"]
[Annotator "TA"]
[PlyCount "63"]
[EventDate "2019.12.11"]
[EventType "k.o."]
[EventCountry "ISR"]
[SourceTitle "playchess.com"]
[Source "ChessBase"]
[SourceQuality "1"]

{[%evp 9,63,11,32,33,32,33,30,32,20,29,24,24,38,32,41,35,26,9,52,59,108,26,50,22,26,16,17,17,4,16,26,0,0,0,0,0,0,0,0,0,8,-24,-34,-58,-37,-35,-52,-55,-55,-50,-50,-27,-33,-53,-50,-46]} 1. d4 Nf6 2. c4 g6 3. h4 Bg7 4. Nc3 d5 5. h5 Nxh5 6. cxd5 {E60: King's Indian: Unusual lines and Fianchetto Variation without Nc3} e6 7. g4 $146 ({Predecessor:} 7. dxe6 Bxe6 8. Nf3 Nc6 9. e3 Qe7 10. Be2 O-O {0-1 (41) Grischuk,A (2759)-Nepomniachtchi,I (2774) Amsterdam 2019}) 7... Nf6 {[%mdl 64] [#] Double Attack} 8. dxe6 {White has an edge.} Bxe6 9. e4 Bxg4 10. f3 Be6 11. Bg5 {[%mdl 1024] And now d5 would win. White has compensation.} h6 $1 {[%cal Rh6g5]} 12. Be3 c6 13. Nge2 Bc4 14. Qc2 Qa5 15. Nf4 (15. Bd2 $16 {Hoping for Nd5.} Qa6 16. e5) 15... Bxf1 $11 16. Kxf1 {Black must now prevent e5.} Na6 17. a3 {Black should prevent e5.} Nc7 18. Kf2 g5 19. b4 Qa6 $1 20. Nd3 (20. Nfe2 {is more complex.} g4 21. b5 cxb5 22. Ng3 Bf8 23. Nf5) 20... Qc4 21. Rac1 Nd7 $1 22. Nb2 Qe6 $1 23. Ne2 Nb5 24. a4 Nd6 25. Ng3 {[#]} f5 $1 $36 {[%cal Rf5f4][%mdl 2560] Black has some pressure.} 26. exf5 Qd5 {...0-0 is the strong threat.} 27. Nc4 $1 Nxc4 28. Qxc4 Qxc4 29. Rxc4 Nb6 30. Rc5 O-O 31. a5 Nd5 {Strongly threatening ...Rae8.} 32. a6 {Accuracy: White = 73%, Black = 84%.} 1/2-1/2

[Event "Grand Prix Jerusalem 2019"]
[Site "Jerusalem"]
[Date "2019.12.18"]
[Round "3.2"]
[White "Navara, David"]
[Black "Wei, Yi"]
[Result "1/2-1/2"]
[WhiteElo "2707"]
[BlackElo "2725"]
[Annotator "TA"]
[PlyCount "120"]
[EventDate "2019.12.11"]
[EventType "k.o."]
[EventCountry "ISR"]
[SourceTitle "playchess.com"]
[Source "ChessBase"]
[SourceQuality "1"]

{[%evp 19,120,17,28,0,3,0,0,0,0,0,0,0,7,0,0,0,0,0,0,-30,-29,-29,-25,-23,-22,-22,-19,-19,-20,-20,-20,-20,-25,-45,0,-29,-20,-27,-42,-72,-72,-72,-72,-72,-72,-80,-80,-80,-80,-80,-80,-84,-80,-84,-84,-84,-84,-84,-66,-66,-51,-66,-66,-66,-35,-35,-35,-35,-35,-66,-66,-66,-66,-66,0,0,0,0,0,0,0,-35,-35,-35,-35,-35,-35,-35,-35,-35,0,0,0,0,0,0,0,0,0,0,0,0,0]} 1. c4 g6 2. d4 Nf6 3. Nc3 d5 4. Nf3 Bg7 5. Qb3 dxc4 6. Qxc4 O-O 7. e4 a6 8. Be2 b5 9. Qb3 c5 10. dxc5 Nbd7 11. Be3 {D97: Grünfeld: Russian System: 7 e4, replies other than 7...Bg4} (11. e5 Nxc5 12. Qb4 Nfd7 13. Be3 a5 14. Qh4 e6 15. Qxd8 Rxd8 16. Nxb5 Bb7 17. Rc1 Ne4 18. Bd4 g5 {½-½ (48) Ivanchuk,V (2710)-Svidler,P (2753) Jerusalem 2018}) 11... Ng4 12. c6 Nxe3 13. cxd7 Nxg2+ 14. Kf1 Qxd7 15. Kxg2 {Black must now prevent h3.} Qh3+ $1 16. Kg1 Be6 {[#]} 17. Ng5 $146 ({Predecessor:} 17. Qc2 Rac8 18. Ng5 Qh4 19. Qd2 Rc5 20. f4 b4 21. Nd5 Rc2 22. Qe1 Bd4+ 23. Kg2 Qg4+ 24. Kf1 Qh3+ {0-1 (24) Volkov,S (2645)-Riazantsev,A (2650) St Petersburg 2017}) 17... Qh4 18. Nxe6 fxe6 19. Qxe6+ Kh8 {[%csl Gf8][%cal Rh4f2] [#]} 20. Rf1 {Strongly threatening Qg4.} Rf4 {( -> ...Qg5+)} 21. h3 {Rh2 is the strong threat.} Raf8 {[%cal Rf4f2]} 22. Rh2 Bxc3 23. bxc3 Rxe4 24. Qxa6 Rxe2 25. Qxb5 Qe4 26. Qb4 Qa8 27. c4 Qxa2 28. Qc3+ Kg8 29. Ra1 Rc2 $36 {[%mdl 2048] White is under strong pressure.} 30. Rxa2 Rxc3 $17 {[%mdl 4096] Endgame KRR-KRR} 31. Re2 Kf7 32. Re4 Rc8 33. Kg2 R8xc4 34. Rxc4 Rxc4 {KR-KR} 35. Rh1 Kf6 36. Ra1 h5 37. Ra6+ Kf5 38. Ra5+ e5 39. Ra8 Rc6 40. Rf8+ Rf6 41. Ra8 Kf4 42. Ra4+ Kg5 43. Ra5 Rf5 44. Ra6 Rf4 45. Re6 Kf5 46. Re8 e4 ({Black should play} 46... Ra4 $15) 47. Re7 Kf6 48. Re8 g5 49. Rh8 h4 50. f3 exf3+ 51. Kf2 Ke7 (51... Ra4 {feels hotter.} 52. Kxf3 Ra3+ 53. Kg2 Rg3+ 54. Kh2 Rb3) 52. Ra8 Rf5 53. Ra3 Kf6 54. Rxf3 g4 55. hxg4 {The position is equal.} Rxf3+ 56. Kxf3 $11 {KP-KP} Kg5 57. Kg2 Kxg4 58. Kh2 h3 59. Kh1 h2 60. Kg2 h1=N {Accuracy: White = 59%, Black = 64%.} 1/2-1/2

[Event "Grand Prix Jerusalem 2019"]
[Site "Jerusalem"]
[Date "2019.12.19"]
[Round "3.3"]
[White "Navara, David"]
[Black "Wei, Yi"]
[Result "1/2-1/2"]
[WhiteElo "2707"]
[BlackElo "2725"]
[Annotator "TA"]
[PlyCount "182"]
[EventDate "2019.12.11"]
[EventType "k.o."]
[EventCountry "ISR"]
[SourceTitle "playchess.com"]
[Source "ChessBase"]
[SourceQuality "1"]

{[%evp 12,182,46,0,26,-10,-8,-16,-6,-7,-14,3,10,11,8,11,6,14,14,1,4,4,4,1,5,4,12,9,19,16,39,29,43,47,51,21,43,-12,-13,-20,-14,-71,-71,-78,-77,-77,-75,-69,-74,-81,-80,-79,-79,-79,-80,-79,-53,-62,-37,-39,-37,-52,-51,-62,-45,-52,-7,-45,-41,-42,0,-30,0,-30,0,-31,-14,-26,0,0,0,-34,0,0,0,-20,-22,-24,-28,-23,-23,-36,0,0,0,-40,-32,-27,-23,-25,-24,-30,-18,-23,-28,-25,-25,-43,-43,-49,-37,-50,-17,-17,-17,-17,-17,-17,-13,-17,-17,-17,-13,-17,-17,-17,-17,-17,-17,-17,-17,-17,-17,-17,0,0,0,-18,-18,-18,-18,-18,-18,-18,-18,-18,-18,-18,-18,-18,-18,-18,0,-18,-18,-31,0,0,0,0,0,0,0,0,0,0,0,0,0,0,0,0,0]} 1. Nf3 Nf6 2. c4 g6 3. Nc3 d5 4. cxd5 Nxd5 5. Qb3 Nb6 6. d4 Bg7 7. e4 Bg4 {D90: Grünfeld: 4 Nf3 Bg7 sidelines} 8. Bb5+ c6 9. Ng5 O-O 10. Be2 Bxe2 11. Nxe2 c5 (11... Na6 12. Qh3 h6 13. Nf3 h5 14. Rg1 Nb4 15. g4 {1-0 (31) Wojtaszek,R (2745)-Mamedyarov,S (2772) Shamkir 2017}) 12. dxc5 N6d7 $1 {[%cal Rd7c5]} 13. Qxb7 Qa5+ 14. Bd2 ({Reject} 14. Kf1 Na6 $17) 14... Qa6 15. c6 Qxc6 16. Qxc6 Nxc6 17. Rc1 $146 Rac8 18. b3 Nde5 {[#] And now ...Nd3+ would win.} 19. O-O Nd3 20. Rcd1 Nb2 21. Rb1 Rfd8 22. Nf3 Nd3 23. Rfd1 Ncb4 24. a3 (24. Bxb4 $14 Nxb4 25. Rxd8+ Rxd8 26. a4) 24... Nc2 $1 $36 {[%cal Rc2a3][%mdl 2048] White is under pressure.} 25. Ba5 Rd6 26. b4 (26. e5 $11 Nxe5 27. Nxe5 Bxe5 28. Rxd6 Bxd6 29. a4) 26... Nxa3 $17 27. Rb3 Nc1 28. Rxd6 exd6 29. Rxa3 {aiming for Kf1.} Nxe2+ 30. Kf1 {[#]} Nc3 $1 31. b5 Nxb5 32. Ra2 Rc4 33. Bd2 Rc6 34. Ke2 Kf8 35. Kd3 a6 36. Bb4 Ke8 37. Nd2 Kd7 38. Nc4 Bd4 39. f3 Bg1 40. Ra1 Bd4 41. Ra4 Bg1 42. Ra1 $1 {[%cal Ra1g1]} Bd4 43. Ra4 Be5 44. g3 Ke6 45. f4 Bg7 46. Na5 Rc7 47. Nc4 Rc6 48. Na5 Rc1 49. Nb3 Rb1 50. Kc4 Nc7 $1 51. Ba5 Nb5 52. Bb4 $1 Nc7 53. Ba5 $1 {[%cal Ra5c7]} d5+ 54. exd5+ Nxd5 {...Ne3+ is the strong threat.} 55. Nc5+ Kd6 {Hoping for ...Rc1+.} 56. Nxa6 Rb2 57. Bb4+ $1 Nxb4 58. Nxb4 Rxh2 $11 {[%mdl 4096] Endgame KRB-KRN} 59. Ra6+ Kd7 60. Nd3 Rc2+ 61. Kd5 $1 Rc7 (61... Rd2 {keeps more tension.} 62. Ra7+ Ke8 63. Ra8+ Ke7 64. Ra7+ Kf6) 62. Ne5+ Bxe5 63. Kxe5 {KR-KR} Ke7 64. g4 Rc4 65. Ra7+ Kf8 66. f5 Rc5+ 67. Kf6 {Ra8+ would kill now.} Rc6+ 68. Kg5 Kg7 69. fxg6 hxg6 70. Rb7 Rc4 71. Ra7 Re4 72. Rb7 Kf8 73. Rb8+ Re8 74. Rb7 Re7 75. Rb8+ Kg7 76. Kf4 f6 77. Rb6 Rc7 78. Kg3 Rc3+ 79. Kf2 Kf7 80. Rb7+ Ke6 81. Rb6+ Kf7 82. Rb7+ Kf8 83. g5 f5 84. Rb6 {The position is equal.} Kf7 85. Rb7+ Ke8 86. Rb6 f4 87. Rxg6 Rg3 88. Rf6 Rxg5 89. Rxf4 Rg7 90. Kf3 Rf7 91. Rxf7 Kxf7 {Accuracy: White = 76%, Black = 65%.} 1/2-1/2

[Event "Grand Prix Jerusalem 2019"]
[Site "Jerusalem"]
[Date "2019.12.19"]
[Round "3.4"]
[White "Wei, Yi"]
[Black "Navara, David"]
[Result "1-0"]
[WhiteElo "2725"]
[BlackElo "2707"]
[Annotator "TA"]
[PlyCount "45"]
[EventDate "2019.12.11"]
[EventType "k.o."]
[EventCountry "ISR"]
[SourceTitle "playchess.com"]
[Source "ChessBase"]
[SourceQuality "1"]

{[%evp 9,53,11,13,18,18,0,54,56,45,64,62,64,141,154,162,171,183,182,182,179,185,186,185,184,319,320,307,316,316,304,311,308,306,294,435,438,484,379,728,724,727,703,1234,1230,1202,1165]} 1. Nf3 d5 2. b3 Bf5 3. Bb2 e6 4. d3 h6 5. Nbd2 Nf6 6. g3 {A06: Réti Opening:1 Nf3 d5} c5 7. Ne5 Nbd7 $146 {[#]} (7... Bd6 $11) ({Predecessor:} 7... Be7 8. Bg2 O-O 9. O-O Bh7 10. c4 Nbd7 11. cxd5 Nxe5 12. Bxe5 Nxd5 13. Qc2 Rc8 14. Rfc1 Qd7 15. Qd1 f6 16. Bb2 e5 17. Qf1 {1-0 (56) Kharlov,A (2557)-Dreev,A (2655) Fuegen 2006}) 8. e4 $1 $14 {[%mdl 512] White is slightly better.} Bh7 (8... dxe4 9. dxe4) 9. Nxd7 Qxd7 10. Bg2 Qd8 {[#]} ({Black should try} 10... Be7 $14) 11. exd5 $1 $16 exd5 12. Qe2+ Be7 13. Bxf6 $1 gxf6 {[#]} 14. O-O $1 Bf5 15. Rae1 Be6 16. Qh5 {aiming for Rxe6.} Qd7 {[#]} (16... Kf8 {was necessary.} 17. f4 f5) 17. Rxe6 $1 $18 {[%mdl 576] Remove Defender} Qxe6 18. Bxd5 {[%mdl 64] Double Attack} Qd7 19. Bxf7+ ({But not} 19. Qxf7+ $6 Kd8 $18) 19... Kd8 20. Re1 Kc7 21. Be6 Qd8 (21... Qe8 $142 22. Qxe8 Rhxe8) 22. Nc4 {[%cal Bd2c4,Bc4a5,Ba5c6][%mdl 32]} a6 23. Bg4 {Played: Be6-d5} 1-0